Κατάλογος Βιβλιοθηκών Mediterranean College

Schaum's Theory and Problems Principles of Accounting II / Fourth Edition (Record no. 655)

MARC details
000 -LEADER
fixed length control field 01444cam a22002174a 4500
005 - ΗΜΕΡΟΜΗΝΙΑ ΚΑΙ ΩΡΑ ΤΕΛΕΥΤΑΙΑΣ ΕΝΗΜΕΡΩΣΗΣ
Πεδίο ελέγχου 20250605163942.0
008 - FIXED-LENGTH DATA ELEMENTS--GENERAL INFORMATION
Πεδίο ελέγχου σταθερού μήκους 250528s ||||||||||||||||||||||||d
035 ## - SYSTEM CONTROL NUMBER
System control number 15056
020 ## - ISBN
ISBN 70375895
040 ## - ΠΗΓΗ ΚΑΤΑΛΟΓΟΓΡΑΦΗΣΗΣ
Φορέας πρωτότυπης καταλογογράφησης MC Athens Campus Library
Γλώσσα καταλογογράφησης Ελληνικά, Μοντέρνα (1453-)
Modifying agency MC Athens Campus Library
Κανόνες περιγραφικής καταλογογράφησης AACR2
245 1# - ΤΙΤΛΟΣ ΚΑΙ ΔΗΛΩΣΗ ΥΠΕΥΘΥΝΟΤΗΤΑΣ
Τίτλος Schaum's Theory and Problems Principles of Accounting II / Fourth Edition
250 ## - EDITION STATEMENT
Edition statement 4th
260 ## - PUBLICATION, DISTRIBUTION, ETC.
Name of publisher, distributor, etc. Schaum'S Outline Series,
Date of publication, distribution, etc. 1989
300 ## - PHYSICAL DESCRIPTION
Extent 306
520 ## - SUMMARY, ETC.
Summary, etc. Covers all course fundamentals and supplements any class text - Teaches effective problem-solving techniques - 409 solved problems with complete solutions - Also contains review questions and sample examinations. Partnership: Formation, Partnerships: Admission and Dissolution, The Corporation: Organization, The Corporation: Stock Issue and Book Value, The Corporation: Subscriptions and Treasury Stock, The Corporation: Retained Earnings, The Corporation: Issuing Bonds, The Corporation: Redemption of Bonds, Manufacturing Accounting: Accounts and Statements, Manufacturing Accounting: Worksheets and Joint and By-Products, Cost Systems: Job Order, Cost Systems: Process, Budgets: Income Statement, Budgets: Balance Sheet and Standard Costs, Financial Statement Analysis: Horizontal and Vertical, Financial Statement Analysis: Ratios, Appendix: Statement of Cash Flows, Index.
700 1# - ΠΡΟΣΘΕΤΗ ΑΝΑΓΡΑΦΗ--ΦΥΣΙΚΟ ΠΡΟΣΩΠΟ
Personal name Cashin James A
9 (RLIN) 892
700 1# - ΠΡΟΣΘΕΤΗ ΑΝΑΓΡΑΦΗ--ΦΥΣΙΚΟ ΠΡΟΣΩΠΟ
Personal name Lerner Joel J
9 (RLIN) 893
942 ## - ADDED ENTRY ELEMENTS (KOHA)
Koha item type Books
Holdings
Τύπος τεκμηρίου Βιβλιοθήκη Τρέχουσα τοποθεσία Barcode Αριθμός εισαγωγής Ημερομηνία απόκτησης Ταξιθετικό σύμβολο Αριθμός αντιτύπου Κατάσταση απόσυρσης Κατάσταση χαμένου Κατάσταση κατεστραμμένου Μη δανεισμός Σύνολο δανεισμών Ημερομηνία τελευταίας εμφάνισης Η τιμή ισχύει από
Books MC Athens Campus Library MC Athens Campus Library 9780000006547 1283 05/06/2025 657/.076 LER V.II 1           05/06/2025 05/06/2025

MC Athens Campus Library
Πατησίων 94 & Κοδριγκτώνος 13, 104 34
Πελλήνης 8 & Πατησίων 107, 112 51
Τ: +30 210 8899600

MC Thessaloniki Campus Library
Ίωνος Δραγούμη 21, 54625 | Ίωνος Δραγούμη 15, 54625
Τ: +30 2310 287779 – Τ: +30 2314 440300